El Nuevo reglamento del Hospital Clínico provincial : acuerdos tomados en la reunión del Patronato acuerdos tomados en la reunión del Patronato
Colección:
San Jorge,
; núm. 10 (abril 1953), pàg 68
Materias:
Hospital Clínic i Provincial de Barcelona
; Hospital Clínic i Provincial de Barcelona -- Estatuts
Idioma:
Español
MARC
| LEADER | 00000naa a2200000 a 4500 | ||
|---|---|---|---|
| 003 | Arxiu | ||
| 005 | 20260324181025.0 | ||
| 008 | 160829s1953 spc xx s spa c | ||
| 040 | |a agdb | ||
| 245 | 0 | 3 | |a El Nuevo reglamento del Hospital Clínico provincial : |b acuerdos tomados en la reunión del Patronato |
| 490 | |a San Jorge, |v núm. 10 (abril 1953), pàg 68 | ||
| 610 | 2 | 0 | |a Hospital Clínic i Provincial de Barcelona |9 54197 |
| 610 | 0 | |a Hospital Clínic i Provincial de Barcelona |x Estatuts |9 13872 | |
| 773 | |g Núm. 10 (abril 1953), pàg 68 |t San Jorge. | ||
| 901 | |a Arxiu | ||
| 942 | |n 1 |2 udc |c ART | ||
| 952 | |0 0 |1 0 |4 0 |6 REV508 |7 1 |9 64371 |a Arxiu |b Arxiu |d 2022-11-25 |o Rev-508 |r 2022-11-25 00:00:00 |w 2022-11-25 |y ARXIU |z També disponible a Rev-522 | ||
| 999 | |c 43919 |d 43919 | ||